|
|
|
|
| LEADER |
00789nab a2200193 i 4500 |
| 001 |
misc48243 |
| 005 |
20211025161057.0 |
| 008 |
200415s1983 hu o 0|| hun d |
| 022 |
|
|
|a 0133-1752
|
| 040 |
|
|
|a SZTE Miscellanea Repozitórium
|b hun
|
| 041 |
|
|
|a hun
|
| 100 |
1 |
|
|a Tripolszky László
|
| 245 |
1 |
0 |
|a Művelődési napló [könyvismertetés]
|h [elektronikus dokumentum] /
|c Tripolszky László
|
| 260 |
|
|
|a Hírlapkiadó Vállalat
|b Budapest
|c 1983-11-11
|
| 300 |
|
|
|a 7
|
| 490 |
0 |
|
|a Népszabadság : az MSZMP központi lapja
|v 41 No. 266
|
| 561 |
|
|
|a Kristó Gyula újságkivágatok
|
| 695 |
|
|
|a Szeged története - könyvismertetés, Könyvtártörténet - Somogyi Könyvtár, Városrendezés - Budapest
|
| 856 |
4 |
0 |
|u http://misc.bibl.u-szeged.hu/48243/1/110.pdf
|z Dokumentum-elérés
|